000 01031nac a22002777a 4500
001 BR8900314
003 BR-BrBNA
005 20240105120917.0
008 230509b bl.|||m| |||| 00| 0 por d
040 _aBR-BrBNA
_bpor
_cBiblioteca Nacional de Agricultura
072 _aF30; Q54
090 _a1930 BR8900314
100 1 _aMoraes, C.O.C.
110 1 _aCentro Nacional de Pesquisa de Ovinos, Bage, RS (Brasil)
245 1 _aRecursos geneticos do genero Paspalum, no Centro Nacional de Pesquisa de Ovinos, Bage, Rio Grande do Sul
246 1 _a[Genetic resources of paspalum at the National Center of Ovines Research, at Bage, Rio Grande do Sul, Brazil]
260 3 _aBage, RS (Brasil):
_c1988.
300 _a6 p.
490 _aPesquisa em Andamento - Centro Nacional de Pesquisa de Ovinos (Brazil)
_vno. 7
_xISSN 0101-9740
650 _aGRAMINEA FORRAGEIRA
650 _aGENETICA VEGETAL
650 _aVALOR NUTRITIVO
650 _aBAGE
909 _a202312
_bLúcia Elande
_c55
_dLúcia Elande
942 _2AGRIS
_n0
_cMS
999 _c282135
_d282135